000 01370nam a2200373 c 4500
003 BLK
005 20250111104239.0
008 180411b bul|||||r ||||||| ||bul||
010 _aKNG00189343000
020 _a978-619-151-321-5
_bиздат.: СофтПрес
040 _aBLK
041 _aBUL
_cBUL
072 7 _2bullib
_aН8301
_xТрилъри Н
080 _aАмериканска литература (на САЩ)
_b821.111(73)
_x-312.4
_z821.111(73)-312.4
100 1 _aХоули, Ноа
_eпърви автор
_9137624
700 1 _aИванова, Виктория Благоева
_eпрев.
_9383734
139 _aХоули, Ноа
_bХ 70
245 1 0 _aПреди катастрофата
_bРоман
_cНоа Хоули; прев. Виктория Благоева Иванова.
257 _aUSA
260 София
_bСофтПрес
_c2016
_fСофия : ФолиАрт
300 _a384 с.
_c20 см
380 _aX
490 1 _aХит Трилър
500 _aОриг. загл. Before the Fall / Noah Hawley.
653 _aтрилъри
653 _aромани
659 _aН
852 _aЦб 281589
856 4 _qpdf
_u
856 4 _qpdf
_u
942 _cKNG
_n0
_061
944 _aCR
_c20.07.2016
_lМартин Енчев
_k30575
944 _aED
_c14.09.2017
_lф /
_kПенка_Димитрова
999 _c180486
_d180486